Emergency medical technician : (Record no. 9751)
[ view plain ]
| 000 -LEADER | |
|---|---|
| fixed length control field | 00752cam a22002292 4500 |
| 001 - CONTROL NUMBER | |
| control field | 0000021606 |
| 005 - DATE AND TIME OF LATEST TRANSACTION | |
| control field | 20151217152237.0 |
| 008 - FIXED-LENGTH DATA ELEMENTS--GENERAL INFORMATION | |
| fixed length control field | 120830s xx 000 0 eng d |
| 020 ## - INTERNATIONAL STANDARD BOOK NUMBER | |
| International Standard Book Number | 0073128986 : |
| 040 ## - CATALOGING SOURCE | |
| Original cataloging agency | KABU |
| Transcribing agency | KABU |
| 100 1# - MAIN ENTRY--PERSONAL NAME | |
| Personal name | Aehlert, Barbara RN. |
| -- | 0000182599 |
| 245 10 - TITLE STATEMENT | |
| Title | Emergency medical technician : |
| Remainder of title | EMT in action / |
| Statement of responsibility, etc. | Barbara Aehlert RN. |
| 250 ## - EDITION STATEMENT | |
| Edition statement | 1st ed. |
| 260 ## - PUBLICATION, DISTRIBUTION, ETC. (IMPRINT) | |
| Place of publication, distribution, etc. | Boston : |
| Name of publisher, distributor, etc. | McGraw-Hill, |
| Date of publication, distribution, etc. | 2009. |
| 300 ## - PHYSICAL DESCRIPTION | |
| Extent | xxiv, 776 p. |
| 650 #0 - SUBJECT ADDED ENTRY--TOPICAL TERM | |
| Topical term or geographic name as entry element | Emergency treatment |
| General subdivision | Methods. |
| -- | 0000182600 |
| 650 #0 - SUBJECT ADDED ENTRY--TOPICAL TERM | |
| Topical term or geographic name as entry element | Emergency medical service |
| General subdivision | methods. |
| -- | 0000182601 |
| 852 1# - LOCATION | |
| -- | p4000 KES |
| 852 1# - LOCATION | |
| -- | p4000 KES |
| 908 ## - PUT COMMAND PARAMETER (RLIN) | |
| Put command parameter | 120830 |
| 950 ## - LOCAL HOLDINGS (RLIN) | |
| -- | 1 |
| Withdrawn status | Lost status | Source of classification or shelving scheme | Not for loan | Home library | Current library | Date acquired | Total Checkouts | Full call number | Barcode | Date last seen | Date last checked out | Price effective from | Koha item type | Total Renewals |
|---|---|---|---|---|---|---|---|---|---|---|---|---|---|---|
| Library of Congress Classification | Kabarak, Main Campus | Kabarak, Main Campus | 17/12/2015 | 4 | RC86.7 .A34 2009 c.1 | 013571 | 17/02/2020 | 24/01/2020 | 17/12/2015 | General Collection | ||||
| Library of Congress Classification | Kabarak, Main Campus | Kabarak, Main Campus | 17/12/2015 | RC86.7 .A34 2009 c.3 | 013417 | 17/12/2015 | 17/12/2015 | General Collection | ||||||
| Library of Congress Classification | Kabarak, Main Campus | Kabarak, Main Campus | 17/12/2015 | 3 | RC86.7 .A34 2009 c.2 | 013416 | 09/11/2017 | 09/11/2017 | 17/12/2015 | General Collection | 1 |